| 000 | 00524nam a2200169 a 4500 | ||
|---|---|---|---|
| 001 | 000044667 | ||
| 005 | 20201002045535.0 | ||
| 008 | 141215s2014 dr a 000 0 spa d | ||
| 020 | _a9789945445121 | ||
| 040 |
_aDO-SdBNP _bspa _cBNPHU |
||
| 082 |
_axxxxxx _bxxxxxx |
||
| 100 | 1 |
_aJesurum, Dilcia, _d1957- _972677 |
|
| 245 | 1 | 0 |
_aUna mujer en mi vida / _cDilcia Jesurum. |
| 260 |
_aSanto Domingo : _bLibros, _c2014. |
||
| 300 |
_a90 p. : _bil. ; _c22 cm. |
||
| 500 | _aIncluye datos biográficos de la autora en la contracubierta | ||
| 999 |
_c44156 _d44156 |
||